Statistics for Hazbin Hotel - Whatever It Takes

Click here to take the quiz!

General Stats

  • This quiz has been taken 29 times
  • The average score is 203 of 226

Answer Stats

HintAnswer% Correct
a
100%
be
100%
I
100%
it
100%
the
100%
to
100%
To
100%
You
100%
you
100%
your
100%
And
95%
and
95%
face
95%
If
95%
if
95%
I'll
95%
keep
95%
keeper
95%
know
95%
known?
95%
let
95%
then
95%
thou
95%
was
95%
what
95%
Zestial:What
95%
when
95%
Vaggie:When
95%
who
95%
act
90%
angel
90%
attacked,
90%
But
90%
had
90%
make
90%
my
90%
not
90%
safe
90%
So
90%
so
90%
takes,
90%
takes
90%
thing
90%
we
90%
Carmilla & Vaggie:Whatever
90%
whatever
90%
Why
90%
would
90%
all
86%
always
86%
armor
86%
blood
86%
Do
86%
do
86%
friend?
86%
Hell
86%
in
86%
mistakes
86%
of
86%
off
86%
old
86%
on
86%
ones
86%
rise
86%
saw
86%
say
86%
strength
86%
that
86%
them
86%
thought
86%
war
86%
who's
86%
anyone
81%
brand
81%
dreams
81%
for
81%
go
81%
killing
81%
knew,
81%
load
81%
lose
81%
might
81%
partner
81%
place
81%
share
81%
soul,
81%
survive
81%
anything
76%
come
76%
could
76%
cross
76%
don't
76%
fray?
76%
life
76%
line
76%
me
76%
much
76%
new
76%
save
76%
stranger
76%
true
76%
who'd
76%
will
76%
being
71%
can't
71%
feel
71%
good
71%
implore
71%
like
71%
replace
71%
slew
71%
spend
71%
there's
71%
through
71%
try
71%
felt
67%
made
67%
secret
67%
understood
67%
weighs
67%
this
62%
wished
52%

Score Distribution

Percentile by Number Answered

Percent of People with Each Score

Your Score History

You have not taken this quiz